| 000 | 00384nam a2200157Ia 4500 | ||
|---|---|---|---|
| 008 | 230524s9999 xx 000 0 und d | ||
| 082 |
_a384.5 _bSTA |
||
| 100 | _aWilliam Stallings | ||
| 245 | 0 | _aWireless Communications & Networks | |
| 250 | _a1ST | ||
| 260 |
_aNEW DELHI _bPearson _c2005 |
||
| 300 | _a598 | ||
| 500 | _aQuantity Number: 2 | ||
| 650 | _aElectronics | ||
| 942 | _cBK | ||
| 999 |
_c26410 _d26410 |
||